|
|
|
|
| LEADER |
00000caa a2200000 c 4500 |
| 001 |
1622000730 |
| 003 |
DE-627 |
| 005 |
20220606122342.0 |
| 007 |
tu |
| 008 |
080423s2008 xx ||||| 00| ||eng c |
| 035 |
|
|
|a (DE-627)1622000730
|
| 035 |
|
|
|a (DE-576)279411723
|
| 035 |
|
|
|a (DE-599)BSZ279411723
|
| 040 |
|
|
|a DE-627
|b ger
|c DE-627
|e rakwb
|
| 041 |
|
|
|a eng
|
| 100 |
1 |
|
|a Hagan, Jacqueline Maria
|4 aut
|
| 245 |
1 |
0 |
|a Border blunders
|b the unanticipated human and economic costs of the U.S. approach to immigration control, 1986-2007
|c Jacqueline Hagan; Scott Phillips
|
| 264 |
|
1 |
|c 2008
|
| 336 |
|
|
|a Text
|b txt
|2 rdacontent
|
| 337 |
|
|
|a ohne Hilfsmittel zu benutzen
|b n
|2 rdamedia
|
| 338 |
|
|
|a Band
|b nc
|2 rdacarrier
|
| 700 |
1 |
|
|a Phillips, Scott
|4 aut
|
| 773 |
0 |
8 |
|i In
|t Criminology & public policy
|d Hoboken, NJ : Wiley, 2001
|g 7(2008), 1, Seite [83]-94
|w (DE-627)340873582
|w (DE-600)2065780-8
|w (DE-576)096705000
|x 1538-6473
|7 nnas
|
| 773 |
1 |
8 |
|g volume:7
|g year:2008
|g number:1
|g pages:[83]-94
|
| 951 |
|
|
|a AR
|
| ELC |
|
|
|b 1
|
| LOK |
|
|
|0 000 xxxxxcx a22 zn 4500
|
| LOK |
|
|
|0 001 3243470307
|
| LOK |
|
|
|0 003 DE-627
|
| LOK |
|
|
|0 004 1622000730
|
| LOK |
|
|
|0 005 20250409103945
|
| LOK |
|
|
|0 008 080423||||||||||||||||ger|||||||
|
| LOK |
|
|
|0 040
|a DE-21-110
|c DE-627
|d DE-21-110
|
| LOK |
|
|
|0 689
|a s
|a Migrationspolitik
|
| LOK |
|
|
|0 689
|a s
|a Folgen
|
| LOK |
|
|
|0 689
|a s
|a Kosten
|
| LOK |
|
|
|0 689
|a g
|a USA
|
| LOK |
|
|
|0 852
|a DE-21-110
|
| LOK |
|
|
|0 852 1
|m p
|9 00
|
| LOK |
|
|
|0 935
|a tre0
|
| LOK |
|
|
|0 938
|k p
|
| LOK |
|
|
|0 939
|a 23-04-08
|b l01
|
| ORI |
|
|
|a SA-MARC-krimdoka001.raw
|